header

Searching for structure (Record no. 23491)

MARC details
000 -LEADER
fixed length control field 01419nam a2200337Ia 4500
082 04 - DEWEY DECIMAL CLASSIFICATION NUMBER
Classification number 499/.2210141
100 1# - MAIN ENTRY--AUTHOR NAME
Personal name Englebretson, Robert.
245 10 - TITLE STATEMENT
Title Searching for structure
260 ## - PUBLICATION, DISTRIBUTION, ETC. (IMPRINT)
Place of publication Philadelphia, PA :
Name of publisher John Benjamins Pub.,
Year of publication 2003.
300 ## - PHYSICAL DESCRIPTION
Number of Pages x, 216 p.
490 1# - SERIES STATEMENT
Series statement Studies in discourse and grammar,
650 #0 - SUBJECT ADDED ENTRY--TOPICAL TERM
Topical Term Indonesian language
Topical Term Indonesian language
Topical Term Indonesian language
Topical Term Indonesian language
856 40 - ELECTRONIC LOCATION AND ACCESS
Uniform Resource Identifier http://site.ebrary.com/lib/rucke/Doc?id=10026206

No items available.

© 2026 Rongo University
Contact us: librarian | system librarian | Rongo university